| 000 | 00478nam a22001457a 4500 | ||
|---|---|---|---|
| 082 |
_a621.384 _bGHI. |
||
| 100 |
_aGhirardi, Alfred A. _941673 |
||
| 245 |
_aRadio Physics Course An Elementary Text Which Explains the Principles of Electricity and Radio _cGhirardi, Alfred A. |
||
| 250 | _a2nd ed. | ||
| 260 |
_aNew York _bMurray Hill Books _cc1930. |
||
| 300 |
_aix, 972 p, : _bill. _c24 cm |
||
| 526 |
_a0 _b0 _c0 _d621_384000000000000_GHI |
||
| 650 |
_aMCE _9379 |
||
| 942 |
_2ddc _cBK |
||
| 999 |
_c545716 _d545716 |
||